| 000 | 00000nam##2200000za#4500 |
| 001 | 9.685675 |
| 003 | CaOODSP |
| 005 | 20210615135029 |
| 007 | ta |
| 008 | 150407|2013||||xxc||||| f|0| 0 fre|d |
| 040 | |aCaOODSP|bfre |
| 043 | |an-cn--- |
| 086 | 1 |aEn164-31/2013F |
| 110 | 1 |aCanada. |bEnvironnement Canada. |
| 245 | 10|aAccord relatif à la qualité de l'eau dans les Grands Lacs : |bprotocole amendant l'Accord de 1978 entre le Canada et les États-Unis d'Amérique relatif à la qualité de l'eau dans les Grands Lacs, tel qu'il a été modifié le 16 octobre 1983 et le 18 novembre 1987, signé le 7 septembre 2012, entré en vigueur le 12 février 2013 |
| 260 | |aOttawa - Ontario : |bEnvironnement Canada |c2013. |
| 300 | |a57p. ; |c28 cm. |
| 520 | 3 |aLe présent accord vise à restaurer et à maintenir l’intégrité chimique, physique et biologique de l’eau des Grands Lacs. |
| 563 | |aCouverture souple |
| 590 | |a13-49|b2013-12-06 |
| 691 | 07|aLac|2gcpds |
| 775 | 08|tGreat Lakes Water Quality Agreement : |w(CaOODSP)9.652748 |
| 776 | 0#|tAccord relatif à la qualité de l'eau dans les Grands Lacs |w(CaOODSP)9.822801 |